| 000 | 01554nam a22002057a 4500 | ||
|---|---|---|---|
| 999 |
_c56970 _d56970 |
||
| 003 | Ge_BSU | ||
| 005 | 20190912165718.0 | ||
| 008 | 190912s1964 ge ||||| |||| 00| 0 geo d | ||
| 041 | _ageo | ||
| 080 | _a398(479.22) უ–43 | ||
| 100 |
_aუმიკაშვილი, პ. _93976 |
||
| 245 |
_aხალხური სიტყვიერება : _b4 ტომად : ტ. 4 : თქმულებები და ლეგენდები, საყოფაცხოვრებო-ნოველისტური ზღაპრები, მახვილსიტყვაობა, მაგიური ტექსტები, შემკრების არქივიდან / _cშემდგ.: მიხეილ ჩიქოვანი და ვარლამ მაცაბერიძე ; საქ. სსრ მეცნ. აკად., შ. რუსთაველის სახ. ქართული ლიტერატურის ინ-ტი. |
||
| 264 |
_a თბილისი : _bლიტერატურა და ხელოვნება, _c1964. |
||
| 300 |
_a324 გვ. ; _b20 სმ. |
||
| 653 | _aხალხური სიტყვიერება | ||
| 700 |
_aჩიქოვანი, მ. _eრედაქტორი _93977 |
||
| 700 |
_aმაცაბერიძე, ვ. _eშემდგენელი _93978 |
||
| 710 |
_aსაქ. სსრ მეცნ. აკად. _bქართ. ლიტერატურის ინ-ტი _93979 |
||
| 942 |
_2udc _cBK |
||